00826nam a2200217 a 4500008004100000020002200041100002000063245007900083250001200162260003500174300002900209500010400238504005400342500002000396650004800416700002600464700009100490003000100581005001700582040000900599  a0406609314 (pbk.)1 aLasok, Dominik.10aLaw and institutions of the European Communities /cD. Lasok, J.W. Bridge. a5th ed. aLondon :bButterworths,c1991. alxxxix, 591 p. ;c22 cm. aRev. ed. of: An introduction to the law and institutions of the European Communities. 3rd ed. 1982. aIncludes bibliographical references: p. 557-572.  aIncludes index. 0aLawzEuropean Economic Community countries.1 aBridge, John William.1 aLasok, Dominik.tIntroduction to the law and institutions of the European Communities.20230123133814.0 cNUST